| 000 | 01131cam a22003137a 4500 | ||
|---|---|---|---|
| 005 | 20220329141155.0 | ||
| 008 | 971010s1976 r 00010 d | ||
| 010 | _a63839 | ||
| 011 | _a64811 | ||
| 035 | _a70939 | ||
| 090 | _aCH331 | ||
| 090 | _aTesis | ||
| 100 | 0 | 0 |
_aChacón Martínez, Jorge. _921700 |
| 245 | 0 | _aCaracterísticas principales de la ganadería bovina lechera en el municipio de Acámbaro, Gto., encuesta censal | |
| 260 |
_aChapingo, Méx. : _bEl autor, _c1976 |
||
| 300 | _a104 h. | ||
| 502 | _aTesis (Ing. Agrónomo Esp. en Zootecnia) -- ENA. Departamento de Zootecnia | ||
| 590 |
_aALEPH _b10 _c20130110 _lUCH01 _h1347 |
||
| 590 |
_aBATCH-UPD _b10 _c20130109 _lUCH01 _h2320 |
||
| 590 |
_aBATCH-UPD _b10 _c20130110 _lUCH01 _h1219 |
||
| 590 |
_aBATCH-UPD _b10 _c20130410 _lUCH01 _h0755 |
||
| 590 |
_aBATCH-UPD _b10 _c20130914 _lUCH01 _h1500 |
||
| 590 |
_aCONVERSION _b10 _c20130109 _lUCH01 _h1334 |
||
| 650 | 1 | 4 |
_aGanadería _xGuanajuato. _944742 |
| 650 | 1 | 4 |
_aGanado lechero _xGuanajuato. _945268 |
| 710 | 0 |
_aENA. Departamento de Zootecnia. _936706 |
|
| 901 | _aBK | ||
| 949 |
_aCH331 _bZ _cTESBD _d-3530 _eTS1 _i70939 _si |
||
| 999 |
_c63839 _d63839 |
||